<?xml version="1.0" encoding="UTF-8"?>
<record
    xmlns:xsi="http://www.w3.org/2001/XMLSchema-instance"
    xsi:schemaLocation="http://www.loc.gov/MARC21/slim http://www.loc.gov/standards/marcxml/schema/MARC21slim.xsd"
    xmlns="http://www.loc.gov/MARC21/slim">

  <leader>01741nam a2200301   4500</leader>
  <controlfield tag="003">OSt</controlfield>
  <controlfield tag="005">20240417145217.0</controlfield>
  <controlfield tag="008">240417s2015    sp  |||f |||| 001 0 spa d</controlfield>
  <datafield tag="020" ind1=" " ind2=" ">
    <subfield code="a">9788494610370</subfield>
  </datafield>
  <datafield tag="040" ind1=" " ind2=" ">
    <subfield code="e">rda</subfield>
    <subfield code="c">CHAP</subfield>
  </datafield>
  <datafield tag="082" ind1="0" ind2="0">
    <subfield code="2">22</subfield>
    <subfield code="a">613.2</subfield>
    <subfield code="b">S74</subfield>
  </datafield>
  <datafield tag="100" ind1="1" ind2=" ">
    <subfield code="9">188955</subfield>
    <subfield code="a">Spector, Tim</subfield>
  </datafield>
  <datafield tag="245" ind1="1" ind2="3">
    <subfield code="a">El mito de las dietas:</subfield>
    <subfield code="b">la flora intestinal, clave de un peso saludable /</subfield>
    <subfield code="c">por Tim Spector</subfield>
  </datafield>
  <datafield tag="250" ind1=" " ind2=" ">
    <subfield code="a">Primera edici&#xF3;n</subfield>
  </datafield>
  <datafield tag="264" ind1=" " ind2="1">
    <subfield code="a">Epa&#xF1;a:</subfield>
    <subfield code="b">Bosch Antoni, </subfield>
    <subfield code="c">2015.</subfield>
  </datafield>
  <datafield tag="300" ind1=" " ind2=" ">
    <subfield code="a">446 p&#xE1;ginas:</subfield>
    <subfield code="b">sin ilustraciones</subfield>
  </datafield>
  <datafield tag="336" ind1=" " ind2=" ">
    <subfield code="2">rdacontent</subfield>
    <subfield code="a">texto</subfield>
    <subfield code="b">txt</subfield>
  </datafield>
  <datafield tag="337" ind1=" " ind2=" ">
    <subfield code="2">rdamedia</subfield>
    <subfield code="a">sin medio</subfield>
    <subfield code="b">n</subfield>
  </datafield>
  <datafield tag="338" ind1=" " ind2=" ">
    <subfield code="2">rdacarrier</subfield>
    <subfield code="a">volumen</subfield>
    <subfield code="b">nc</subfield>
  </datafield>
  <datafield tag="504" ind1=" " ind2=" ">
    <subfield code="a">Incluye &#xED;ndice y bibliograf&#xED;a</subfield>
  </datafield>
  <datafield tag="520" ind1=" " ind2=" ">
    <subfield code="a">Por qu&#xE9; fracasan la mayor&#xED;a de las dietas? &#xBF;Por qu&#xE9;, pese a todos los consejos sobre qu&#xE9; hemos de comer, seguimos engordando?. Las respuestas son mucho m&#xE1;s sorprendentes y fascinantes de lo que nos hab&#xED;an hecho creer. La clave de la salud  y el bienestar  no est&#xE1; en la &#xFA;ltima dieta de moda, ni siquiera en la consigna simplista de &#x201C;comer menos y hacer m&#xE1;s ejercicio&#x201D;, sino en nuestros  microbios intestinales.Bas&#xE1;ndose en los &#xFA;ltimos conocimientos cient&#xED;ficos y en sus propias y punteras investigaciones, Tim Spector desmitifica las habituales ideas err&#xF3;neas sobre las grasas, las calor&#xED;as, las vitaminas y los nutrientes. Solo si entendemos lo que hace funcionar a nuestros microbios intestinales, podremos superar la confusi&#xF3;n de la nutrici&#xF3;n moderna y tener  un cuerpo sano.</subfield>
  </datafield>
  <datafield tag="534" ind1=" " ind2=" ">
    <subfield code="p">T&#xED;tulo original:</subfield>
    <subfield code="t">The Diet Myth</subfield>
  </datafield>
  <datafield tag="650" ind1=" " ind2="4">
    <subfield code="9">146663</subfield>
    <subfield code="a">Alimentaci&#xF3;n balanceada</subfield>
  </datafield>
  <datafield tag="650" ind1=" " ind2="4">
    <subfield code="9">146707</subfield>
    <subfield code="a">Salud intestinal</subfield>
  </datafield>
  <datafield tag="650" ind1=" " ind2="7">
    <subfield code="9">75149</subfield>
    <subfield code="a">Metabolismo</subfield>
  </datafield>
  <datafield tag="650" ind1=" " ind2="4">
    <subfield code="9">146880</subfield>
    <subfield code="a">Nutrici&#xF3;n &#xF3;ptima</subfield>
  </datafield>
  <datafield tag="942" ind1=" " ind2=" ">
    <subfield code="2">ddc</subfield>
    <subfield code="c">LIBRO</subfield>
  </datafield>
  <datafield tag="999" ind1=" " ind2=" ">
    <subfield code="c">219853</subfield>
    <subfield code="d">219853</subfield>
  </datafield>
  <datafield tag="952" ind1=" " ind2=" ">
    <subfield code="0">0</subfield>
    <subfield code="1">0</subfield>
    <subfield code="2">ddc</subfield>
    <subfield code="4">0</subfield>
    <subfield code="5">2</subfield>
    <subfield code="7">0</subfield>
    <subfield code="8">GRAL</subfield>
    <subfield code="a">BC</subfield>
    <subfield code="b">BC</subfield>
    <subfield code="c">PP_GRAL</subfield>
    <subfield code="d">2024-04-17</subfield>
    <subfield code="l">1</subfield>
    <subfield code="o">613.2 S74</subfield>
    <subfield code="p">33724002584638</subfield>
    <subfield code="r">2025-04-07 12:49:07</subfield>
    <subfield code="s">2025-02-25</subfield>
    <subfield code="w">2024-04-17</subfield>
    <subfield code="y">LIBRO</subfield>
  </datafield>
</record>
